Vida política del Marqués de Miraflores ... / (Record no. 159745)
[ view plain ]
| 000 -LEADER | |
|---|---|
| campo de control de longitud fija | 00699nam a22001815i 4500 |
| 001 - NÚMERO DE CONTROL | |
| campo de control | 159745 |
| 003 - IDENTIFICADOR DE NÚMERO DE CONTROL | |
| campo de control | ES-MaACL |
| 005 - FECHA Y HORA DE LA ÚLTIMA TRANSACCIÓN | |
| campo de control | 20251122063130.0 |
| 008 - DATOS DE LONGITUD FIJA--INFORMACIÓN GENERAL | |
| campo de control de longitud fija | 970909s1865 sp |||| | spa d |
| 040 ## - FUENTE DE CATALOGACIÓN | |
| Centro catalogador/agencia de origen | AR |
| Lengua de catalogación | spa |
| Centro/agencia transcriptor | AR |
| 100 1# - ENTRADA PRINCIPAL--NOMBRE DE PERSONA | |
| Nombre de persona | Miraflores, Manuel Pando Fernández de Pinedo, |
| Títulos y otros términos asociados al nombre | Marqués de |
| 9 (RLIN) | 129966 |
| 245 10 - MENCIÓN DEL TÍTULO | |
| Título | Vida política del Marqués de Miraflores ... / |
| Mención de responsabilidad, etc. | escrita por él mismo. |
| 260 ## - PUBLICACIÓN, DISTRIBUCIÓN, ETC. | |
| Lugar de publicación, distribución, etc. | Madrid : |
| Nombre del editor, distribuidor, etc. | [s.n.], |
| Fecha de publicación, distribución, etc. | 1865 ( |
| Fabricante | Estab. tip. de Eusebio Aguado) |
| 300 ## - DESCRIPCIÓN FÍSICA | |
| Extensión | XII, 458, 242 p. ; |
| Dimensiones | 28 cm. |
| 505 8# - NOTA DE CONTENIDO CON FORMATO | |
| Nota de contenido con formato | Contiene: Documentos justificativos, 242 últimas p. |
| 852 ## - LOCALIZACIÓN | |
| Ubicación | ES-MaACL |
| Número de control de estantería | F-13 |
| Nota libre | -- Enc. hol. |
| -- | -- Ded. ms. del autor a ¿Carramolino? |
| Estatus retirado | Estado de pérdida | Estado de daño | No para préstamo | Colección | Biblioteca de origen | Biblioteca actual | Ubicación en estantería | Fecha de adquisición | Fuente de adquisición | Total de préstamos | Signatura topográfica completa | Código de barras | Visto por última vez | Precio de reemplazo | Tipo de ítem Koha |
|---|---|---|---|---|---|---|---|---|---|---|---|---|---|---|---|
| Libros del s. XIX | Biblioteca del Ateneo de Madrid | Biblioteca del Ateneo de Madrid | Depósito 2 | 17/01/2008 | F-13 | 1167234 | 23/02/2023 | 23/02/2023 | Libro impreso antiguo |
